MARC details
| 000 -LEADER |
| fixed length control field |
01553nam a22003377a 4500 |
| 005 - DATE AND TIME OF LATEST TRANSACTION |
| control field |
20240115152635.0 |
| 010 ## - LCCN (DPL NO) |
| LC control number |
ENG-138881-91 |
| 020 ## - INTERNATIONAL STANDARD BOOK NUMBER |
| Terms of availability |
3495.00 (set of 11 vols.) |
| International Standard Book Number |
9788119403455 (v.1) |
| 020 ## - INTERNATIONAL STANDARD BOOK NUMBER |
| Terms of availability |
3495.00 (set of 11 vols.) |
| International Standard Book Number |
9788119403240 (v.2) |
| 020 ## - INTERNATIONAL STANDARD BOOK NUMBER |
| Terms of availability |
3495.00 (set of 11 vols.) |
| International Standard Book Number |
9788119403912 (v.3) |
| 020 ## - INTERNATIONAL STANDARD BOOK NUMBER |
| Terms of availability |
3495.00 (set of 11 vols.) |
| International Standard Book Number |
9788119403288(v.4) |
| 020 ## - INTERNATIONAL STANDARD BOOK NUMBER |
| Terms of availability |
3495.00 (set of 11 vols.) |
| International Standard Book Number |
9788119403325(v.5) |
| 020 ## - INTERNATIONAL STANDARD BOOK NUMBER |
| Terms of availability |
3495.00 (set of 11 vols.) |
| International Standard Book Number |
9788119403639(v.6) |
| 020 ## - INTERNATIONAL STANDARD BOOK NUMBER |
| Terms of availability |
3495.00 (set of 11 vols.) |
| International Standard Book Number |
9788119403509(v.7) |
| 020 ## - INTERNATIONAL STANDARD BOOK NUMBER |
| Terms of availability |
3495.00 (set of 11 vols.) |
| International Standard Book Number |
9788119403462(v.8) |
| 020 ## - INTERNATIONAL STANDARD BOOK NUMBER |
| Terms of availability |
3495.00 (set of 11 vols.) |
| International Standard Book Number |
9788119403592(v.9) |
| 020 ## - INTERNATIONAL STANDARD BOOK NUMBER |
| Terms of availability |
3495.00 (set of 11 vols.) |
| International Standard Book Number |
9788119403547(v.10) |
| 020 ## - INTERNATIONAL STANDARD BOOK NUMBER |
| Terms of availability |
3495.00 (set of 11 vols.) |
| International Standard Book Number |
9788119403318(v.11) |
| 035 ## - SYSTEM CONTROL NUMBER |
| System control number |
EN-122413-23 |
| 037 ## - SOURCE OF ACQUISITION |
| Source of stock number/acquisition |
DBAD/PUB |
| 082 ## - DEWEY DECIMAL CLASSIFICATION NUMBER |
| Classification number |
343.54052 |
| 100 ## - MAIN ENTRY--PERSONAL NAME |
| Personal name |
Chaturvedi, K. |
| 245 ## - TITLE STATEMENT |
| Title |
Chaturvedi & Pithisaria's Income tax law / |
| Remainder of title |
by K. Chaturvedi [and] S. M. Pithisaria |
| 250 ## - EDITION STATEMENT |
| Edition statement |
8th ed |
| 260 ## - PUBLICATION, DISTRIBUTION, ETC. (IMPRINT) |
| Place of publication, distribution, etc |
Gurgoan |
| Name of publisher, distributor, etc |
LexisNexis |
| Date of publication, distribution, etc |
2024 |
| 270 ## - ADDRESS |
| City |
Gurgoan |
| Postal code |
122002 |
| Address |
14th Floor, Building No. 10, Tower-B, DLF Cyber City, Phase-II |
| 300 ## - PHYSICAL DESCRIPTION |
| Extent |
11Vol.(clxxii, 1814,108p. ; xxxii, 3694,141p. ; xciii, 5534,113p.;ccviii,7308,128p.;cxxxvi,9110,101p.;cxxxviii,10930,100p.'xxxvi,12808,118p.;xcii,14610,76p.;cxciv,16398,60p.;cxxxviii,18408,90p.;cxciv,20441,90p.) |
| Dimensions |
26cm(Hb) |
| 505 ## - FORMATTED CONTENTS NOTE |
| Formatted contents note |
sets of 11vol. |
| 700 ## - ADDED ENTRY--PERSONAL NAME |
| Personal name |
Pithisaria, S. M. |
| 9 (RLIN) |
60938 |
| 942 ## - ADDED ENTRY ELEMENTS (KOHA) |
| Source of classification or shelving scheme |
Dewey Decimal Classification |
| Item type |
English Books |
| Call number suffix |
CHA |
| Classification part |
343.54052 |